Philippine First Ladies - Statistics

General Stats
  • This quiz has been taken 23 times
  • The average score is 3 of 13
Answer Stats
Hint Answer % Correct
December 30, 1965 – February 25, 1986 Imelda Remedios Visitacion Trinidad Romualdez
100%
June 30, 1992 – June 30, 1998 Amelita Jara Martinez
29%
June 30, 1998 – January 20, 2001 Luisa Pimentel Ejercito Estrada
29%
December 30, 1961 – December 30, 1965 Evangelina dela Cruz Macaraeg
24%
November 15, 1935 – August 1, 1944 Aurora Antonia Molina Aragon
14%
January 23, 1899 – March 23, 1901 Hilaria del Rosario
14%
January 20, 2001 – June 30, 2010 Jose Miguel Tuazon Arroyo
14%
March 18, 1957 – December 30, 1961 Leonila dela Serna Dimataga
14%
May 28, 1946 – April 15, 1948 Trinidad de Leon
14%
April 17, 1948 – December 30, 1953 Victoria Syquia Quirino
14%
August 1, 1944 – May 28, 1946 Esperanza Limjap
10%
December 30, 1953 – March 17, 1957 Luz Banzon
10%
October 14, 1943 – August 17, 1945 Paciencia Hidalgo
5%
No matching quizzes found
Score Distribution
Percent of People with Each Score
Percentile by Number Answered
Your Score History
You have not taken this quiz